000 00426nam a2200133Ia 4500
008 220217s9999 xx 000 0 und d
245 0 _aPelletized carbon black for use in the rubber industry delivered in bulk or in bins- Specification for maximum fines content.
260 _c1975
500 _aStandard number: ISO 1866
650 _a Carbon black
650 _a Fines content
650 _a Rubber industry
942 _cST
999 _c74058
_d74058